000 00757nam a2200217Ia 4500
003 OSt
005 20250211123609.0
008 210210b2006 xxu||||| |||| 00| 0 eng d
040 _cAL
041 _aKannada
082 _aK894.8 SUBV
100 _aSUBBANNA KE VI nenapina modala odu malike.
_dಸುಬ್ಬಣ್ಣ ಕೆ ವಿ (ನೆನಪಿನ ಮೊದಲ ಓದು ಮಾಲಿಕೆ )
_9199014
245 _aVachana pravesha
_bವಚನ ಪ್ರವೇಶ.
260 _aHeggodu
_bAkshara Prakashana
_c2006
300 _a108
650 _aVachana Pravesha Em Es Ashadevi
_9199015
690 _aKannada Collections
_9199016
700 _aM S Ashadevi.
_d ಎಂ ಎಸ್ ಆಶಾದೇವಿ.
_9199017
906 _a061561
942 _2ddc
_cBK
999 _c108215
_d108215